000 00746ngm a22002770a 4500
001 PT28786
003 AR-LpoUNG
005 20210201232308.0
007 co ||u|||uuuuu
008 191001s2006||||xxk|||||||||||||||||eng d
020 _a0582848139
_c$100
040 _aAR-LpoUNG
_bspa
_cAR-LpoUNG
_eaacr
041 _aeng
044 _axxk
082 0 _a428 268ski
100 1 _aBarrall, Irene
245 1 0 _aIntelligent business :
_bpre-intermediate business english : skills book
250 _a1ra. ed.
260 _aHarlow :
_bPearson Educación,
_c2006.
650 4 _aAPRENDIZAJE
650 4 _aENSEÑANZA DE IDIOMAS
650 4 _aLENGUA INGLESA
651 4 _aDOCUMENTOS TEORICOS O METODOLOGICOS
905 _a28786
942 _cCDDVD
999 _c53274
_d53274